[Event "meisterschaft"]
[Site "?"]
[Date "2021.07.30"]
[Round "8.11"]
[White "Hassenrueck, Helmut"]
[Black "Larem, Ewald"]
[Result "1-0"]
[BlackElo "1841"]
[WhiteElo "2151"]
[LiveChessVersion "1.4.8"]

1. d4 {[%clk 1:30:55]} d5 {[%clk 1:30:44]} 2. Nf3 {[%clk 1:31:22]} e6
{[%clk 1:30:51]} 3. c4 {[%clk 1:31:48]} Nf6 {[%clk 1:31:16]} 4. Nc3
{[%clk 1:32:09]} Be7 {[%clk 1:31:37]} 5. Bf4 {[%clk 1:32:28]} O-O
{[%clk 1:31:17]} 6. e3 {[%clk 1:32:54]} b6 {[%clk 1:31:03]} 7. Bd3
{[%clk 1:33:13]} Bb7 {[%clk 1:31:25]} 8. cxd5 {[%clk 1:33:31]} Nxd5
{[%clk 1:31:19]} 9. Nxd5 {[%clk 1:33:31]} Qxd5 {[%clk 1:20:00]} 10. O-O
{[%clk 1:32:47]} c5 {[%clk 1:19:51]} 11. dxc5 {[%clk 1:22:55]} Bxc5
{[%clk 1:16:21]} 12. Qc2 {[%clk 1:21:21]} Qh5 {[%clk 1:06:17]} 13. Ne5
{[%clk 1:15:17]} Rc8 {[%clk 1:01:32]} 14. Rfc1 {[%clk 1:10:18]} Na6
{[%clk 0:55:09]} 15. g4 {[%clk 0:58:56]} Qh3 {[%clk 0:25:53]} 16. Bf1
{[%clk 0:59:17]} Qh4 {[%clk 0:26:10]} 17. Qa4 {[%clk 0:57:56]} Nb4
{[%clk 0:17:58]} 18. Bg3 {[%clk 0:48:46]} Qe7 {[%clk 0:17:11]} 19. Rd1
{[%clk 0:46:49]} Nd5 {[%clk 0:15:55]} 20. e4 {[%clk 0:45:23]} f6 {[%clk 0:12:25]}
21. Nd3 {[%clk 0:39:41]} Bc6 {[%clk 0:12:10]} 22. Qb3 {[%clk 0:39:39]} Nc7
{[%clk 0:10:55]} 23. Nxc5 {[%clk 0:39:25]} bxc5 {[%clk 0:11:02]} 24. Bd6
{[%clk 0:35:33]} Qf7 {[%clk 0:11:07]} 25. Bc4 {[%clk 0:32:11]} Rcb8
{[%clk 0:09:19]} 26. Qg3 {[%clk 0:31:50]} Rc8 {[%clk 0:09:33]} 27. f3
{[%clk 0:25:36]} Bb5 {[%clk 0:09:07]} 28. Rac1 {[%clk 0:20:46]} Bxc4
{[%clk 0:08:40]} 29. Rxc4 {[%clk 0:20:59]} Na6 {[%clk 0:08:14]} 30. Rdc1
{[%clk 0:20:41]} e5 {[%clk 0:08:32]} 31. a3 {[%clk 0:15:55]} Rc6 {[%clk 0:07:35]}
32. Bxc5 {[%clk 0:16:12]} Nxc5 {[%clk 0:08:00]} 33. Rxc5 {[%clk 0:16:25]} Rxc5
{[%clk 0:08:28]} 34. Rxc5 {[%clk 0:16:53]} Qb3 {[%clk 0:08:50]} 35. Qf2
{[%clk 0:13:58]} Rd8 {[%clk 0:07:17]} 36. Kg2 {[%clk 0:10:55]} Qd1
{[%clk 0:06:06]} 37. Rc2 {[%clk 0:10:23]} a5 {[%clk 0:06:13]} 38. Qe2
{[%clk 0:10:02]} Qxe2+ {[%clk 0:04:06]} 39. Rxe2 {[%clk 0:10:28]} Rb8
{[%clk 0:04:23]} 40. Rc2 {[%clk 0:08:07]} Kf7 {[%clk 0:02:56]} 41. Kg3
{[%clk 0:07:02]} Rb3 {[%clk 0:00:41]} 42. Rc5 {[%clk 0:06:36]} a4
{[%clk 0:29:35]} 43. Rc4 {[%clk 0:36:35]} Rxb2 {[%clk 0:29:55]} 44. Rxa4
{[%clk 0:36:55]} g5 {[%clk 0:28:34]} 45. h4 {[%clk 0:35:47]} h6 {[%clk 0:28:51]}
46. Ra7+ {[%clk 0:34:26]} Kg8 {[%clk 0:29:07]} 47. a4 {[%clk 0:33:04]} Ra2
{[%clk 0:29:29]} 48. a5 {[%clk 0:32:54]} Rb2 {[%clk 0:29:15]} 49. a6
{[%clk 0:32:17]} Ra2 {[%clk 0:29:39]} 50. h5 {[%clk 0:32:06]} Rb2
{[%clk 0:29:43]} 51. Rb7 {[%clk 0:32:22]} 1-0

[Event "meisterschaft"]
[Site "?"]
[Date "2021.07.30"]
[Round "8.12"]
[White "Steingrobe, Udo"]
[Black "Leiber, Bernard"]
[Result "0-1"]
[BlackElo "2141"]
[WhiteElo "2013"]
[LiveChessVersion "1.4.8"]

1. d4 {[%clk 1:30:56]} Nf6 {[%clk 1:30:42]} 2. c4 {[%clk 1:31:20]} e6
{[%clk 1:30:57]} 3. Nc3 {[%clk 1:31:40]} Bb4 {[%clk 1:30:22]} 4. Qc2
{[%clk 1:31:47]} c5 {[%clk 1:30:24]} 5. dxc5 {[%clk 1:31:31]} Na6
{[%clk 1:30:28]} 6. a3 {[%clk 1:31:08]} Bxc3+ {[%clk 1:30:44]} 7. Qxc3
{[%clk 1:31:19]} Nxc5 {[%clk 1:31:02]} 8. b4 {[%clk 1:30:51]} Nce4
{[%clk 1:31:08]} 9. Qb2 {[%clk 1:29:12]} d5 {[%clk 1:31:07]} 10. c5
{[%clk 1:29:03]} d4 {[%clk 1:30:22]} 11. e3 {[%clk 1:28:11]} e5 {[%clk 1:29:47]}
12. Nf3 {[%clk 1:27:52]} Ng4 {[%clk 1:06:25]} 13. Bb5+ {[%clk 1:26:04]} Kf8
{[%clk 1:05:54]} 14. O-O {[%clk 1:26:16]} Nc3 {[%clk 0:59:33]} 15. Bc4
{[%clk 1:24:03]} Qf6 {[%clk 0:59:01]} 16. exd4 {[%clk 1:23:36]} exd4
{[%clk 0:58:16]} 17. Bg5 {[%clk 1:20:09]} Qf5 {[%clk 0:57:45]} 18. Bh4
{[%clk 1:14:58]} h5 {[%clk 0:53:44]} 19. Nxd4 {[%clk 1:14:47]} Qf4
{[%clk 0:53:38]} 20. g3 {[%clk 1:07:51]} Qxd4 {[%clk 0:40:11]} 21. Rad1
{[%clk 1:08:08]} Qxd1 {[%clk 0:39:44]} 22. Rxd1 {[%clk 1:08:15]} Nxd1
{[%clk 0:40:01]} 23. Qd4 {[%clk 1:07:50]} Be6 {[%clk 0:39:24]} 24. Qd6+
{[%clk 1:07:25]} Kg8 {[%clk 0:39:43]} 25. Bxe6 {[%clk 1:07:29]} Ndxf2
{[%clk 0:38:39]} 26. Bd5 {[%clk 1:06:09]} g5 {[%clk 0:37:19]} 27. Qe7
{[%clk 1:05:07]} Nh3+ {[%clk 0:32:25]} 28. Kf1 {[%clk 1:02:32]} Rh7
{[%clk 0:30:53]} 29. Bxg5 {[%clk 1:02:50]} Nxg5 {[%clk 0:30:37]} 30. Qxg5+
{[%clk 1:03:11]} Kf8 {[%clk 0:29:46]} 31. Bxb7 {[%clk 1:02:29]} f6
{[%clk 0:29:43]} 32. Qf4 {[%clk 1:00:34]} Rxb7 {[%clk 0:29:51]} 33. c6
{[%clk 1:00:54]} Re7 {[%clk 0:29:49]} 34. h3 {[%clk 0:58:43]} Ne3+
{[%clk 0:27:32]} 35. Kg1 {[%clk 0:59:04]} Kg7 {[%clk 0:26:40]} 36. g4
{[%clk 0:57:02]} hxg4 {[%clk 0:26:16]} 37. hxg4 {[%clk 0:57:26]} Rc8
{[%clk 0:25:20]} 38. g5 {[%clk 0:57:36]} Rxc6 {[%clk 0:25:24]} 39. Qh4
{[%clk 0:55:42]} fxg5 {[%clk 0:25:26]} 40. Qd4+ {[%clk 0:55:58]} Rf6
{[%clk 0:25:29]} 41. b5 {[%clk 0:55:45]} Kg6 {[%clk 0:23:18]} 42. Qd3+
{[%clk 0:56:05]} Kh6 {[%clk 0:22:47]} 43. a4 {[%clk 0:56:19]} g4 {[%clk 0:21:31]}
44. Qd4 {[%clk 0:51:01]} Kg5 {[%clk 0:20:40]} 45. Qc5+ Nf5 {[%clk 0:20:46]} 46.
a5 {[%clk 0:51:31]} Rfe6 {[%clk 0:20:49]} 47. Qc1+ {[%clk 0:51:03]} Kh4
{[%clk 0:20:31]} 0-1